00634nam a22001817a 4500003000900000008004100009040007100050082001900121100003100140245004000171260004000211300004500251440003800296650002900334650001600363650002900379700004400408AR-CdUCM190226b           ||||| |||| 00| 0 spa d  aMUNICIPALIDAD PROVINCIAL DEL CUSCOcBIBLIOTECA MUNICIPAL DEL CUSCO  a301.01 / bN14  aNadel, Siegfried Frederick  aTeoría de la estructura social /   aMadrid : bEds. Guadarrama, c1966.  a239 páginas ;bilustraciones ;c22 cm,  aBiblioteca de Ciencias Humanasn3  aSociología estructural  aEtnología  aClases de comportamiento  aSacristán Luzón, Manuel (traductor)